000 00322nam a22001457a 4500
008 221205b ||||| |||| 00| 0 eng d
020 _a9996074765
041 _aeng
080 _27th edition
_a611
082 _a611PAT
100 _a10
101 _aANATO
245 _aLABORATORY MANUAL
_cPATTON T.K
942 _2udc
_cBK
999 _c59083
_d59083